The Bible story library; Vol. 3. (Record no. 15463)

000 -LEADER
fixed length control field 00545nam a2200181 a 4500
001 - CONTROL NUMBER
control field :::00014301$&:&@@
003 - CONTROL NUMBER IDENTIFIER
control field OkBaRHE
005 - DATE AND TIME OF LATEST TRANSACTION
control field 20000829123354.0
008 - FIXED-LENGTH DATA ELEMENTS--GENERAL INFORMATION
fixed length control field s1956 j 000 0 eng u
040 ## - CATALOGING SOURCE
Transcribing agency
100 1# - MAIN ENTRY--PERSONAL NAME
Personal name Hodges, Turner,
245 14 - TITLE STATEMENT
Title The Bible story library; Vol. 3.
260 ## - PUBLICATION, DISTRIBUTION, ETC. (IMPRINT)
Place of publication, distribution, etc New York, NY., :
Name of publisher, distributor, etc Educational Book Guild
Date of publication, distribution, etc c1956
300 ## - PHYSICAL DESCRIPTION
Extent illus. ;
Dimensions 24 cm.
650 ## - SUBJECT ADDED ENTRY--TOPICAL TERM
Topical term or geographic name as entry element Bible Stories
942 ## - ADDED ENTRY ELEMENTS (KOHA)
Source of classification or shelving scheme
Koha item type Books
Copies
Permanent Location Date last seen Not for loan Price effective from Lost status Source of classification or shelving scheme Shelving location Barcode Copy number Date acquired Koha item type Damaged status Full call number Withdrawn status
RHEMA Bible Training College2018-02-20 2010-04-14  General Stacks1430112010-04-14Books BS 551.2 .B52